ბათუმის შოთა რუსთაველის სახელმწიფო უნივერსიტეტის ბიბლიოთეკა

Очистка воды на зернистых фильтрах. (ბიბ.ჩანაწერი № 38195)

000 -LEADER
fixed length control field 00579nam a2200205Ia 4500
001 - CONTROL NUMBER
control field 4185
003 - CONTROL NUMBER IDENTIFIER
control field GE_BSU
008 - FIXED-LENGTH DATA ELEMENTS--GENERAL INFORMATION
fixed length control field 181216s||||||||xx |||||||||||||| ||und||
040 ## - CATALOGING SOURCE
Transcribing agency GE_BSU
080 ## - UNIVERSAL DECIMAL CLASSIFICATION NUMBER
Universal Decimal Classification number 628.1
100 ## - MAIN ENTRY--PERSONAL NAME
Personal name Журба М.Г.
245 ## - TITLE STATEMENT
Title Очистка воды на зернистых фильтрах.
245 ## - TITLE STATEMENT
Statement of responsibility, etc. ред. Ю.Л. Котляров.
260 ## - PUBLICATION, DISTRIBUTION, ETC.
Place of publication, distribution, etc. Львов.
260 ## - PUBLICATION, DISTRIBUTION, ETC.
Name of publisher, distributor, etc. Виша школа.
260 ## - PUBLICATION, DISTRIBUTION, ETC.
Date of publication, distribution, etc. 1980.
300 ## - PHYSICAL DESCRIPTION
Extent 200 стр. 21 см.
653 ## - INDEX TERM--UNCONTROLLED
Uncontrolled term Очистка воды на зернистых фильтрах.
942 ## - ADDED ENTRY ELEMENTS (KOHA)
Koha item type წიგნი
ეგზემპლარები
Withdrawn status Lost status Damaged status Not for loan Date acquired Barcode Date last seen Price effective from Koha item type Public note
        2018-12-17 9358 2018-12-17 2018-12-17 წიგნი საცავი